<?xml version="1.0" encoding="UTF-8"?>
<record
    xmlns:xsi="http://www.w3.org/2001/XMLSchema-instance"
    xsi:schemaLocation="http://www.loc.gov/MARC21/slim http://www.loc.gov/standards/marcxml/schema/MARC21slim.xsd"
    xmlns="http://www.loc.gov/MARC21/slim">

  <leader>01498nam a2200205Ia 4500</leader>
  <controlfield tag="001">b5306-35320 </controlfield>
  <controlfield tag="003">IT-MiCISF</controlfield>
  <controlfield tag="008">161014s9999||||xx |||||||||||||| ||und||</controlfield>
  <datafield tag="040" ind1=" " ind2=" ">
    <subfield code="a">IT-MiCISF</subfield>
    <subfield code="c">IT-MiCISF</subfield>
  </datafield>
  <datafield tag="041" ind1=" " ind2=" ">
    <subfield code="a">it</subfield>
  </datafield>
  <datafield tag="100" ind1=" " ind2=" ">
    <subfield code="a">Zincone Giovanna (a cura di)</subfield>
  </datafield>
  <datafield tag="245" ind1=" " ind2="0">
    <subfield code="a">Secondo rapporto sull'integrazione degli immigrati in Italia</subfield>
  </datafield>
  <datafield tag="250" ind1=" " ind2=" ">
    <subfield code="a">1a ed.</subfield>
  </datafield>
  <datafield tag="260" ind1=" " ind2=" ">
    <subfield code="a">Bologna</subfield>
    <subfield code="b">Il Mulino</subfield>
    <subfield code="c">2001</subfield>
  </datafield>
  <datafield tag="300" ind1=" " ind2=" ">
    <subfield code="a">pp. 838</subfield>
  </datafield>
  <datafield tag="500" ind1=" " ind2=" ">
    <subfield code="a">commissione per le politiche di integrazione degli immigrati, Zincone G., Bontempi R., Henry G., Golini A., Conti C., Strozza S., Amato F., Marcega M., Tosi A., Geraci S., Lostia A., Cesareo V., Schietroma R., Besozzi E., Storti N. / famiglia-migranti, abitazione, societ&#xE0;, salute, scuola, devianza, politica, lavoro, formazione, rapporti-sociali, politiche-sociali / Le oltre 800 pagine del presente volume (rapporto presentato al governo nel dicembre 2000), pur con un certo ritardo rispetto alle pi&#xF9; recenti evoluzioni del fenomeno migratorio nonch&#xE9; della normativa ad esso riferita, costituiscono un riferimento essenziale per la comprensione della realt&#xE0; dell'immigrazione oggi in Italia, approfondendo i diversi aspetti implicati, dalle tendenze statistiche fino all'atteggiamento dei residenti nei confronti delle prospettive di integrazione. Nel complesso emerge uno scenario complesso e ambivalente, ben corrispondente alla realt&#xE0; odierna. </subfield>
  </datafield>
  <datafield tag="650" ind1=" " ind2=" ">
    <subfield code="a"> Famiglia e servizi / societ&#xE0;</subfield>
    <subfield code="e">007</subfield>
  </datafield>
  <datafield tag="942" ind1=" " ind2=" ">
    <subfield code="c">BK</subfield>
  </datafield>
  <datafield tag="957" ind1=" " ind2=" ">
    <subfield code="7">1</subfield>
  </datafield>
  <datafield tag="999" ind1=" " ind2=" ">
    <subfield code="a">35320</subfield>
    <subfield code="b">si</subfield>
    <subfield code="g">1</subfield>
    <subfield code="c">211857</subfield>
    <subfield code="d">211857</subfield>
  </datafield>
  <datafield tag="952" ind1=" " ind2=" ">
    <subfield code="0">0</subfield>
    <subfield code="1">0</subfield>
    <subfield code="4">0</subfield>
    <subfield code="6">B_530635320</subfield>
    <subfield code="7">1</subfield>
    <subfield code="a">CISF</subfield>
    <subfield code="b">CISF</subfield>
    <subfield code="d">2016-10-14</subfield>
    <subfield code="l">0</subfield>
    <subfield code="o">b5306-35320 </subfield>
    <subfield code="r">2016-10-14 00:00:00</subfield>
    <subfield code="w">2016-10-14</subfield>
    <subfield code="y">BK</subfield>
    <subfield code="z">Data import 15.10.2016 / by Epidotti, Vaglietti</subfield>
  </datafield>
</record>
